Quizzes
Events
Quiz Creation
Community
Videos
Private Events
Remove Ads
Sign In
Join for FREE
Feedback
Dark Mode
Quiz Categories
Sports
Geography
Music
Movies
Television
Just For Fun
Miscellaneous
History
Literature
Language
Science
Gaming
Entertainment
Religion
Holiday
For Kids
Quiz Lab
Recent
Popular Today
Quiz Kudos Today
Editor Picks
Curator Picks
Quizzes by...
Day
Popularity
Type
Ratings
Length
Year
Community
Subscriptions
Recent Discussions
Orange Saloon
Badges
Playlists
Quests
Create
Leaderboards
Showdown
Live 5
Trivia Bingo
Activity
Puzzle Library
Sporcle Events
Private Events
Virtual Trivia
Globe League
Become a Host
Pub Owners
SporcleCon
Opinionation
Our Games
Videos
Blog
Mobile Apps
Partnerships
Remove Ads and Go Orange
Feedback
Language
Vocabulary
Begins and Ends
Definition
Spanish
French
German
Italian
Chinese
Latin
Translation
Japanese
Language
Vocabulary
Begins and Ends
Definition
Spanish
French
German
Italian
Chinese
Latin
Translation
Japanese
Random Quiz
Search Sporcle
×
Quiz Lab
Quiz Lab
Language
Type in answers that appear in a list
Type in answers that appear in a list
Classic
Best Score? Go Orange.
Bls 28-29 enska 403 Stats
Can you name the Bls 28-29 enska 403?
By
GBBHS
10m
32 Questions
5 Plays
5 Plays
5 Plays
Comments
Comments
Give Quiz Kudos
Give Quiz Kudos
-
- Ratings
hide this ad
Replay
Link that replays current quiz
Next Quiz
Link to next quiz in quiz playlist
You Got
0%
They Got
Avg Score
56%
Avg Friend Score
Upgrade to see
Score Distribution
Jump to the score distribution portion of the page
Score
0/32
Timer
10:00
0
Plays Today
Enska
Íslenska
% Correct
Heritage
Arfur
100%
Mediaeval
Miðalda
100%
Subsequently
Smám saman
100%
Idioms
Orðatiltæki
100%
Sheepfolds
Kvíar
100%
Features
Einkenni
100%
Chromosome
Litningur
100%
Survial
Lifa af
100%
Factors
Þættir
80%
Abroad
Útlönd
80%
Archaic
Fornfálegt
80%
Generic
Almenn
80%
Eruptions
Gos
80%
Magnitude
Stærð
80%
Spiel
Kjaftvaðall
60%
Concrete
Áþreifanlegt
60%
Enska
Íslenska
% Correct
Aesthetic
Fagurfræðilega
40%
Entity
Heild
40%
Realtively
Tiltölulega
40%
Mores
Siðareglur
40%
Virtually
Nánast
20%
Diverse
Fjölbreytt
20%
Persevere
Gefast ekki upp
20%
Penetrate
Komast inn í
20%
Enshrined
Varðveitt
20%
Resurgence
Endurvakning
20%
Variety
Fjölbreytni
20%
Peculiar
Sérstakt
20%
Evoke
Hætta
20%
Pessimistic
Svartsýnn
20%
Fiercely
Ofsafengið
20%
Unique
Einstakt
20%
Quiz Playlist
Details
Report
Send in Message
Add To Playlist
Classic:
Type in answers that appear in a list
Last Updated: Feb 16, 2017
Quiz Scoreboard
CHALLENGE
Sign Up to Join the Scoreboard
Show All
Scores
Hide
Comments
May contain spoilers
Recently Published
Popular People in 1961
by mucciniale
History
6m
1-10 Letter E Words III
by El_Dandy
Language
2m
One Thing in Common: World Cities II
by knightlancer
Geography
7m
More to Explore
Quiz From the Vault
Featured Blog Post
Where Did the Easter Bunny Come From?
hide this ad
You Might Also Like...
Tags
This quiz does not have any tags.
Today's Top Quizzes in Language
Browse Language
hide this ad
Top Contributed Quizzes in Language
1
Order Up: Top 10 Most Native Spoken Languages
2
1-10 Letter F Words III
3
1-10 Letter G Words III
4
1-10 Letter H Words III
5
One Thing in Common: Italy
6
1-10 Letter I Words III
7
Begins and Ends With AN
8
Weisst du, aus welchen Sprachen diese Wörter stammen?
9
Hiragana Speed Reading
10
1-10 Letter J Words III
Explore More
Trending Topics
NBA
Kpop
Disney
Marvel
Harry Potter
Anime
Crossword
Song
The Office
Country
WWE
Pokémon
NFL
Soccer
Puzzle
hide this ad
More By:
GBBHS
Quiz
Plays
Rating
Category
Featured
Created
viskubrunnur_sveitas
33
Just For Fun
Feb 13, 2011
viskubrunnur
17
Just For Fun
Feb 12, 2011
Enska 403 bls 24-25
14
5.00
Language
Apr 15, 2011
Som at lave i tipofedars tid
12
Language
May 3, 2011
viskubrunnur shu
10
1.00
Just For Fun
Feb 12, 2011
Go to Creator's Profile
Score Distribution
Quiz Creator Spotlight
GBBHS
Follow
Send a Message
Quizzes Created
-
Created Quiz Play Count
-
More By This Creator
Popular Quizzes Today
1
Find the US States - No Outlines Minefield
2
Find the Countries of Europe - No Outlines Minefield
3
The Countries of the World
4
Popular People in 1961
5
1-10 Letter E Words III
6
Find the US States
7
One Thing in Common: World Cities II
8
US States
More Language Quizzes
Heteronyms: 1 Word, 2 Pronunciations II
Published
Trending Quizzes
Risky Map Clicking: Least Populous States A-Z
1-10 Letter F Words
1-10 Letter G Words
One Thing in Common: United Kingdom
Risky Map Clicking: Next State Alphabetically
Recently Updated
Leaping Animals
pecheneg
Reality TV Shows (A-Z)
bhenderson79
Rickey Henderson's Hall of Fame Teammates
pecheneg
Champions League XIs: Arsenal
pecheneg
Quick Pick: Celebrities in WWE's Hall of Fame
aduchscher
A-Z Keypad Blitz II
pecheneg
Multiple Oscar Actors
pecheneg
Mystery Phrase Blitz: Oscar 'Best Actors'
pecheneg
F. Scott Fitzgerald Novels
LTH
Pick 3 Villains
ddd62291
Trending Topics
NBA
Marvel
Harry Potter
Anime
Crossword
Disney
Kpop
Country
Pokémon
NFL
Puzzle
Song
The Office
WWE
Soccer
Your Account Isn't Verified!
In order to create a playlist on Sporcle, you need to verify the email address you used during registration. Go to your
Sporcle Settings
to finish the process.
Report this User
Report this user for behavior that violates our
Community Guidelines
.
Details:
Send Report
Go to the Sporcle.com Mobile Site →
Comments